Les entreprises des BTS MCO de l'IRSS de Nantes - Statistiques

Statistiques générales
  • Ce quiz a été pris 16 fois
    13 depuis la dernière actualisation
  • Le résultat moyen est 3 sur 9
Statistiques - réponses
Hint Réponse % Correct
Mathieu .
100%
Elwenn District 44
40%
Yuna Courir
30%
Emma Emma Patisserie
30%
Julien L'atelier Running
30%
Alexis Matérielvélo.com
30%
Sully Point P
30%
Ronan You Jump
30%
Maeva Orchestra
20%
Aucun quiz correspondant
Distribution des résultats
% des personnes avec chaque résultat
Percentile par nombre de réponses
Votre historique - résultats
Vous n’avez pas pris ce quiz depuis la dernière actualisation